[Event "Linares 26th"]
[Site "Linares"]
[Date "2009.02.28"]
[Round "8"]
[White "Carlsen, Magnus"]
[Black "Aronian, Levon"]
[Result "0-1"]
[WhiteElo "2776"]
[BlackElo "2750"]
[Annotator "Krasenkow,M"]
[PlyCount "186"]
[EventDate "2009.02.19"]
[EventType "tourn"]
[EventRounds "14"]
[EventCountry "ESP"]
[EventCategory "21"]
[SourceTitle "CBM 129"]
[Source "ChessBase"]
[SourceDate "2009.03.25"]
[SourceVersion "1"]
[SourceVersionDate "2009.03.25"]
[SourceQuality "1"]

1. d4 d5 2. c4 c6 3. Nf3 Nf6 4. Nc3 e6 5. e3 Nbd7 6. Qc2 Bd6 7. g4 h6 8. Bd2
dxc4 $1 {GM Lars Schandorff extensively deals with this system in his survey 
(CBM 125). And indeed, Black obtains a good position here.} 9. Bxc4 b5 10. Be2
Bb7 11. e4 Be7 12. g5 hxg5 13. Nxg5 b4 {Or else:} (13... Rc8 14. Rg1 Nf8 15. e5
b4 16. Na4 N6d7 17. Ne4 c5 18. Nexc5 Bxc5 19. Nxc5 Nxc5 20. dxc5 Qd4 21. Be3
Qxe5 22. Bb5+ Ke7 23. O-O-O $36 {1-0 Harika,D (2455)-Van den Bersselaar,J 
(2164)/Gibraltar 2008/CBM 122 Extra (26)}) (13... Kf8 14. Rg1 b4 15. Na4 c5 16.
e5 Ne8 17. Nxf7 $1 Kxf7 18. Qg6+ Kf8 19. Qxe6 cxd4 20. Qf5+ Ndf6 21. exf6 Nxf6
22. Nc5 Bd5 23. Rc1 $36 {1-0 Petrosian,T (2616)-Pruess,D (2425)/Las Vegas 2008/
CBM 124 Extra (33)}) (13... Qb6 14. O-O-O Qxd4 15. Be3 Qb4 (15... Qe5 16. f4
Qb8 17. Rhg1 (17. Kb1 $1 $36) 17... Bc5 18. Qd2 Qc7 19. Bxc5 Nxc5 20. e5 b4 $2
(20... Nd5) 21. exf6 bxc3 22. Qd4 $1 gxf6 23. Nh7 cxb2+ 24. Kb1 Nd7 25. Qxd7+
Qxd7 26. Nxf6+ Ke7 27. Nxd7 $18 {1-0 Miedema,R (2208)-Ris,R (2377)/Venlo 2007/
EXT 2009 (39)}) 16. f4 a6 (16... Qa5 17. f5 e5 18. Rhg1 Bc5 19. Bxc5 Nxc5 20.
Kb1 $36 Ncd7 $2 21. Qb3 Rf8 22. Ne6 $1 fxe6 23. Bh5+ Kd8 24. fxe6 Nxh5 25.
Rxd7+ Kc8 26. Qd1 Rh8 27. Qd6 $18 {1-0 Nielsen,P (2653)-Smeets,J (2518)/Warsaw
2005/CBM 108 (33)}) 17. f5 exf5 18. e5 Nxe5 19. Qxf5 Neg4 20. Bxg4 Qxg4 21. Qe5
Nd7 22. Rxd7 Qxd7 23. Rd1 Qg4 24. Qxg7 Rf8 25. Nce4 $44 {1/2 Nyback,T (2575)
-Smeets,J (2525)/Germany 2007/CBM 118 (67)}) (13... c5 $5 {deserves serious
attention:} 14. dxc5 (14. d5 $142 $5 {, which needs practical tests}) 14... b4
$1 {better than} (14... Nxc5 15. Bxb5+ Nfd7 (15... Kf8 16. O-O-O $36) 16. Rg1
a6 17. Be2 (17. e5 axb5 $1 (17... Bxg5 18. Bxg5 Qc7 19. Bxd7+ Qxd7 20. Rd1 Qc7
21. Rd6 Rxh2 {1-0 Czakon,J (2484)-Savchenko,S (2508)/Montpellier 2006/CBM 113
ext (40)}) 18. Nxf7 Qb8 $1 19. Nxh8 Nxe5 $1 $36 {[%csl Re1]} 20. O-O-O $140
Rxa2 $3 21. Nxa2 Be4 22. Qc3 Ned3+ 23. Kb1 Nb4+ 24. Ka1 Nc2+ 25. Kb1 Nd4+ $19)
17... Ne5 18. Rd1 Ncd3+ $6 (18... Qc7 $13) 19. Kf1 Nxf2 $2 (19... Rxh2 20. Be3
Bxg5 21. Rxg5 Qxg5 22. Bxg5 Rxf2+ 23. Kg1 Nf3+ 24. Bxf3 Rxc2 25. Rxd3 Rxb2 $14)
20. Kxf2 Bc5+ 21. Kg2 Qf6 22. Rgf1 Qh6 23. Bf4 Be3 24. Bxe5 Qxg5+ 25. Bg3 {
1-0 Nyback,T (2634)-Kojima,S (2272)/Beijing 2008/CBM 126 Extra}) 15. Na4 Rh4 $1
16. c6 Rc8 $1 17. Bb5 (17. cxd7+ Nxd7) 17... a6 18. cxd7+ Nxd7 19. Bxd7+ Qxd7
20. Qb3 Qb5 21. Nc3 bxc3 22. bxc3 f6 23. Qxb5+ axb5 24. Nf3 Rxe4+ $19 {0-1
Epiney,F (2382)-Bubir,S (2398)/IECG 2007/CBM 125/[Schandorff] (41)}) 14. Na4 c5
$1 {Even now this move is correct. Before the present encounter it had only
been played in a computer-assisted game in a Freestyle event.} (14... Qa5 15.
Rg1 c5 16. e5 cxd4 17. exf6 Bxf6 18. Rc1 (18. a3 $1) 18... Rxh2 $2 (18... Rc8
$1 $13) 19. Qc7 Qxc7 20. Rxc7 Bc8 21. Bxb4 $18 {1-0 Watson,J (2400)-Pozarek,S 
(2185)/Philadelphia 1993/EXT 1999 (43)}) (14... Rc8 15. e5 Nd5 16. Nxe6 fxe6
17. Qg6+ Kf8 18. Rg1 Bf6 19. exf6 Qxf6 20. Qg3 $16 e5 21. dxe5 Qxe5 $2 22. Nc5
$1 Qxg3 23. Nxd7+ Ke8 24. Rxg3 Kxd7 25. Rxg7+ $18 {1-0 Jankovic,A (2525)
-Sriram,J (2408)/Kavala 2006/CBM 113 ext (31)}) (14... Qc7 15. e5 (15. O-O-O $5
) 15... Nd5 16. Rg1 Bxg5 17. Bxg5 Rxh2 18. Bg4 c5 19. Rc1 Kf8 (19... c4 20.
Bxe6 $1) 20. Nxc5 Nxc5 21. Qxc5+ Qxc5 22. Rxc5 $14 {1-0 Nyback,T (2585)-Jaracz,
P (2490)/Dresden 2007/CBM 118 (48)}) 15. Nxc5 (15. dxc5 $6 Rh4 $1 {- see above
13...c5.}) 15... Nxc5 16. dxc5 Rc8 17. Qa4+ (17. Bxb4 Nd7 18. Bb5 O-O 19. Bxd7
Qxd7 20. h4 f6 21. Nf3 Qb5 22. Bc3 Rxc5 23. O-O-O e5 24. Rde1 Rc7 $44 {1/2
"Rybusia"-"Badbishop1"/playchess.com 2007 (64)}) 17... Bc6 18. Bb5 Bxb5 19.
Qxb5+ Qd7 20. Qxd7+ Nxd7 21. Ke2 Rh4 22. Rac1 Rxc5 23. Rxc5 Bxc5 $15 {[%mdl
4096] So, Black has recaptured the sacrificed pawn and obtained a slightly
better endgame due to the weakness of White's h- and a-pawns.} 24. f4 $6 (24.
f3 {was probably more accurate (I.Ganiev).}) 24... e5 $1 25. h3 exf4 26. Nf3
Rh6 $17 {[%csl Ra2,Re4,Rh3]} 27. Bxf4 Re6 (27... Rg6 $5) 28. Nd2 Bd4 29. Rb1 (
29. a3 Bxb2 30. axb4 Bc3 {loses a pawn anyway}) 29... Ra6 30. a3 $5 (30. Kd3 $5
Bf6) 30... bxa3 31. bxa3 Rxa3 32. Nc4 Ra2+ 33. Kd3 Bf2 34. Bd6 {White has
given up a pawn but activated his pieces, and it is not easy for Black to
convert his material advantage.} Nb6 (34... a5 35. Rb7 Nc5+ 36. Bxc5 Bxc5 37.
Ne5 $132) 35. Bb4 Nxc4 36. Kxc4 Bb6 37. Kd5 Rg2 38. Rb3 Rg5+ 39. e5 Bc7 $2 {
Exchanging the bishops is a wrong decision. Rook endgames are famous for their
drawish tendencies, and this one is no exception.} (39... Rg1 $142 $17 {
I.Ganiev}) 40. Bd6 Bxd6 41. Kxd6 Rg6+ 42. Kd5 Rb6 43. Rc3 Kd7 44. Rf3 Ke7 45.
Rc3 Rb7 (45... Rb5+ 46. Kd4 Kd7 47. Rg3 $1 g6 48. Rf3 Ke7 49. Rc3 {doesn't
change much}) 46. Rc6 g6 47. Ra6 {[%csl Ga6]} Kf8 (47... Rc7 48. Ra1 Kd7 49.
Ra6 Kc8 {is senseless due to} 50. e6 fxe6+ 51. Rxe6 Rg7 52. Ke5 {winning the
g6 pawn with a draw.}) 48. Ke4 Kg7 49. Kf4 Re7 50. Ra5 Kh6 51. Kg4 a6 {Black
has no other way to make progress but the resulting ending is theoretically
drawn.} 52. Rxa6 {There is no need for an engine-driver to look for new ways
like} (52. Kf4 {Amazingly, Magnus Carlsen's train finally derails anyway!})
52... Rxe5 53. Rb6 Re3 54. Ra6 f5+ 55. Kh4 Re4+ 56. Kg3 Kg5 57. Ra3 Re2 58. Kf3
Rh2 59. Kg3 Rb2 60. Ra8 (60. Rc3 {was good enough, e.g.} f4+ 61. Kf3 Rh2 62.
Rc5+ Kh4 63. Kxf4 Rf2+ (63... Rxh3 64. Rg5 $1) 64. Ke3 Rf6 (64... Rb2 65. Rc6)
65. Ra5 Kxh3 66. Rg5 Kh4 67. Rg1 g5 68. Rh1+ $11) 60... Rb3+ 61. Kg2 Kf4 62.
Ra4+ Ke3 63. h4 (63. Kg3 $5) 63... Rb6 (63... f4 64. Ra6 $11) 64. Kg3 Rd6 65.
Rf4 Rd1 66. Rf3+ Ke4 67. Rf4+ Ke5 68. Ra4 f4+ 69. Kg2 Rd2+ 70. Kf3 Rd3+ 71. Kg2
Rg3+ 72. Kh2 (72. Kf2 $2 Rh3 73. Ra5+ Kf6 74. Ra6+ Kg7) 72... Kf5 73. Ra6 Re3
74. Ra5+ Re5 75. Ra2 $1 {This is the so-called Vaisser system of defence 
(applied by GM Anatoly Vaisser in one of his games).} Kg4 (75... Re6 76. Rg2 f3
77. Rg5+ Kf4 78. Kg1 Ra6 79. Kf2 {and Black can't make progress.}) 76. Rg2+ $1
Kh5 77. Kh3 {Black can't attack the h4 pawn and protect his g6 pawn at the
same time!} Ra5 78. Rg1 Ra3+ 79. Kh2 Ra6 80. Kh3 Ra5 81. Rg2 Rc5 82. Rg1 f3 {
The last attempt.} 83. Kg3 $6 (83. Rf1 $1 Rf5 (83... Rc3 {doesn't change
anything}) 84. Rf2 Rf4 85. Kg3 Rf8 86. Kh3 {was much simpler}) 83... Rf5 84.
Rf1 $4 {[%mdl 8192] A terrible mistake. Losing concentration at the end of the
game is the main problem for Magnus (see also his game vs Radjabov).} (84. Kf2
$1 {was now the only way to a draw:} Rf6 85. Rh1 Kg4 86. Rg1+ Kxh4 87. Rh1+ Kg4
(87... Kg5 88. Rg1+ Kh6 89. Rh1+ Kg7 90. Rh3) 88. Rg1+ Kf4 89. Rg3 Ke4 90. Rg4+
Ke5 91. Rg5+ Ke6 92. Rg3 $11) 84... f2 $22 {and White must let the black king
forward.} 85. Kh3 Rf3+ 86. Kg2 Kg4 87. h5 {Desperation.} Rg3+ $1 88. Kh2 (88.
Kxf2 Rf3+ 89. Kg2 Rxf1 90. Kxf1 Kxh5 $19) 88... Kf3 $1 89. Ra1 Rg2+ $1 90. Kh1
(90. Kh3 Rg1) 90... Rg5 91. Ra3+ Kf4 92. Ra4+ Kg3 93. Ra3+ Kh4 (93... Kh4 94.
Ra1 Rg1+ 95. Rxg1 fxg1=Q+ 96. Kxg1 Kxh5 $19) 0-1

[Event "Jermuk FIDE GP"]
[Site "Jermuk"]
[Date "2009.08.11"]
[Round "3"]
[White "Ivanchuk, Vassily"]
[Black "Leko, Peter"]
[Result "1/2-1/2"]
[WhiteElo "2703"]
[BlackElo "2756"]
[Annotator "Krasenkow,M"]
[PlyCount "75"]
[EventDate "2009.08.09"]
[EventType "tourn"]
[EventRounds "13"]
[EventCountry "ARM"]
[EventCategory "19"]
[SourceTitle "CBM 132"]
[Source "ChessBase"]
[SourceDate "2009.09.16"]
[SourceVersion "1"]
[SourceVersionDate "2009.09.16"]
[SourceQuality "1"]

1. Nf3 Nf6 2. c4 e6 3. Nc3 d5 4. d4 c6 5. e3 Nbd7 6. Qc2 Bd6 7. g4 h6 8. h3 {
For this line - see my survey in CBM 129.} e5 9. Bd2 {GM Vasyl Ivanchuk looks
for his own ways in every opening!} (9. cxd5 cxd5 (9... Nxd5 $5 {is a new idea
in this variation needing more tests:} 10. dxe5 Nb4 11. Qb1 Nxe5 12. Nxe5 Bxe5
13. a3 Bxc3+ 14. bxc3 Nd5 15. c4 Nf6 16. Qc2 h5 17. gxh5 Rxh5 18. Bd3 Bf5 19.
Bxf5 Qa5+ 20. Bd2 Qxf5 21. Qxf5 Rxf5 22. Ke2 O-O-O $11 {1-0 Maslak,K (2541)
-Kreisl,R (2394)/Budva 2009/CBM 130 (43)}) 10. dxe5 (10. Nb5 Bb8 11. Bd2 O-O {
- game} (11... e4 $143 12. Rc1 O-O 13. Bb4 Re8 14. Nd2 (14. Nh4 $5 Nf8 15. Nc7
Bxc7 16. Qxc7 Bd7 17. Qxd8 Raxd8 18. Be2 Rc8 19. Kd2 $14 {1-0 Moranda,W (2445)
-Pazdziora,M (2078)/Leba 2006/CBM 111 ext (42)}) 14... Qb6 15. a4 Nh7 16. a5
Qf6 17. Nc7 Bxc7 18. Qxc7 $16 {1-0 Jankovic,A (2540)-Schink,B (2029)/Pula CRO
2009/The Week in Chess 765 (28)})) 10... Nxe5 11. Nxe5 Bxe5 12. Bd2 O-O 13. Bg2
Ne4 (13... Be6 $6 14. f4 Bxc3 15. Bxc3 Ne4 16. O-O Nxc3 (16... f5 17. Bxe4 dxe4
18. Qg2 Qe7 19. Qg3 Qf7 20. Rf2 Rad8 21. Rg2 $36 {1-0 Chabanon,J (2415)
-Relange,E (2420)/Paris 1994/CBM 042 (33)}) 17. Qxc3 f6 18. Rad1 Re8 19. Qb3
Qb6 20. Qxb6 axb6 21. a3 $16 {_|_1-0 Wojtkiewicz,A (2570)-Khalifman,A (2645)/
Rakvere 1993/CBM 038/[Chekhov] (61)}) 14. Nxd5 Qxd5 15. Qxe4 Qxe4 16. Bxe4 Bxb2
17. Rb1 Bf6 18. Ke2 $14 {[%csl Rb7,Rc7][%cal Yh1c1,Yc1c7,Yb1b7,Ye4b7]} Rb8 19.
Rhc1 Re8 20. f3 Be6 21. a4 b6 22. Rc7 Re7 23. Rbc1 {1/2 Pedersen,N (2508)
-Nielsen,P (2625)/Horsens 2003/CBM 095/[Lutz] (100)}) 9... O-O 10. cxd5 $146 ({
After} 10. O-O-O e4 $1 (10... Re8 $143 11. g5 hxg5 12. Nxg5 exd4 13. exd4 Nf8
14. Rg1 b5 15. c5 Bc7 16. Bd3 $36 {1-0 Mamedyarov,S (2717)-Najer,E (2663)/
Mainz GER 2009/The Week in Chess 769 (43)}) 11. Nh4 Re8 {White can hardly
create any threats on the kingside, e.g.} 12. Nf5 Bf8 13. f3 $6 exf3 14. cxd5
cxd5 15. Bd3 Nb6 16. Rhf1 Be6 17. Rxf3 Rc8 18. Kb1 Ne4 $17 {0-1 Bosiocic,M 
(2578)-Fressinet,L (2666)/Budva 2009/CBM 130 (33)}) 10... cxd5 11. Nb5 Bb8 12.
Bb4 Re8 13. Rc1 {A typical manoeuvre; White plans Nb5-c7, exchanging Black's
bishop and invading the 7th rank; however, Black's pieces are actively posted 
(Re8, his knight now goes to e4) and he obtains good counterplay.} (13. Nd6
Bxd6 14. Bxd6 exd4 15. Nxd4 Ne4 $36) 13... Ne4 $1 ({Of course, not} 13... e4 $6
14. Nh4 $14 {- see 10.cxd5 cxd5 11.Nb5 line} ({or} 14. Nd2)) 14. Be2 (14. Nc7
$2 Bxc7 15. Qxc7 Qf6 $17) 14... exd4 $1 15. Nbxd4 {Alas, Nb5-c7 will not occur
in this game, which means that Black has an excellent position. White's
kingside is just weak, which is more important than Black's isolated pawn.} Ne5
16. Nd2 Bd7 (16... a5 $5 17. Ba3 Nxd2 18. Qxd2 Nc4 $36 {S.Zagrebelny}) 17. Qb3
Nc6 $1 {Lifting the blockade.} 18. Nxc6 Bxc6 (18... bxc6 19. Nxe4 Rxe4 $15 {
was a good alternative.}) 19. Nxe4 dxe4 20. Bc3 Be5 {A simple decision. It
would not be easy for Black to make use of the b8-h2 diagonal as White could
play Ke1-f1-g2 instead of castling.} 21. O-O {[%csl Rg1] This is now possible
but the position of White's king is quite poor anyway.} h5 (21... Qh4 $1 22.
Kg2 h5 {was more accurate as White now gets an additional possibility.}) 22. f4
$5 {Desperation? No, a search for counterplay; otherwise Black will easily
obtain an attack on White's weak king. E.g.:} (22. Rfd1 Qh4 23. Kg2 hxg4 24.
Bxg4 Qg5 $36) (22. Kg2 Qh4 23. Bc4 Qf6 24. Be2 Bxc3 25. Qxc3 Re5 $36) 22...
exf3 23. Bxf3 Qc7 $1 24. Bxc6 bxc6 25. Bxe5 $6 {White misses a good
opportunity to exchange queens:} (25. Ba5 $1 Qd7 $1 (25... Qe7 26. Bb4 Qe6 27.
Qxe6 Rxe6 28. b3) 26. Rcd1 Qe6 27. gxh5 Qxb3 28. axb3 Bxb2 29. Rd2 Bf6 30. Rd3
Re5 31. Bc3 {with good drawing chances.}) 25... Rxe5 {Now, with the queens on
the board, White faces a hard defensive task.} 26. Rf4 Rae8 27. Rcf1 R8e7 28.
R1f3 Rd5 29. Kg2 Rd2+ {Black starts an immediate action.} ({Before ...Rd2+
Black could include the exchange on g4:} 29... hxg4 30. hxg4 (30. Rxg4 Qe5 $5)
30... Rd2+ 31. Rf2 Rxf2+ {but then White had another defence:} 32. Rxf2 ({
instead of} 32. Kxf2 $6 g5) 32... Re4 33. Kf3) ({He could also have applied
the "don't hurry" principle (as White has no counterplay or ways to really
strengthen his defence) and started manoeuvring:} 29... Qd6 {etc.}) 30. Rf2
Rxf2+ 31. Kxf2 g5 $2 {An oversight leading to a draw.} (31... hxg4 $1 {was
correct:} 32. Rxg4 ({or} 32. hxg4 g5 33. Rd4 Qh2+ 34. Kf1 Re6) 32... Qh2+ 33.
Rg2 $1 Qd6 ({of course, not} 33... Qxh3 $4 34. Qb8+ Kh7 35. Rh2) 34. Qc3 g6 $17
{, and White will finally be unable to defend all his weaknesses (the e3 and
h3 pawns and his king).}) 32. Rf5 {The Rxg5+ threat forces Black to give a
perpetual.} Qh2+ (32... Re5 33. Qd3 $1 Qa5 34. Rxe5 Qxe5 35. Qd8+ Kh7 36. Kf3 {
leads to a drawish queen endgame.}) 33. Ke1 Qg3+ 34. Ke2 Qg2+ 35. Ke1 Qg1+ 36.
Ke2 Qh2+ 37. Ke1 Qg3+ 38. Ke2 1/2-1/2

[Event "Sochi FIDE GP"]
[Site "Sochi"]
[Date "2008.08.01"]
[Round "2"]
[White "Aronian, Levon"]
[Black "Navara, David"]
[Result "1-0"]
[WhiteElo "2737"]
[BlackElo "2646"]
[Annotator "Krasenkow,M"]
[PlyCount "91"]
[EventDate "2008.07.31"]
[EventType "tourn"]
[EventRounds "13"]
[EventCountry "RUS"]
[EventCategory "19"]
[SourceTitle "CBM 126"]
[Source "ChessBase"]
[SourceDate "2008.10.01"]
[SourceVersion "1"]
[SourceVersionDate "2008.10.01"]
[SourceQuality "1"]

1. Nf3 d5 2. d4 Nf6 3. c4 c6 4. Nc3 e6 5. e3 a6 6. b3 Bb4 7. Bd2 O-O 8. Bd3
Nbd7 9. O-O Qe7 10. Ne5 {A relatively rare attempt to launch a kingside attack.
} (10. Qc2 {and}) (10. Qe1 {are more popular options.}) 10... Nxe5 11. dxe5 Nd7
12. f4 f6 {Or else:} (12... f5 13. cxd5 (13. Rf3 $5 {[%cal Yf3h3] Fi.Corrales})
13... exd5 14. Qc2 g6 15. Rfd1 a5 16. Ne2 Nc5 17. Nd4 Nxd3 18. Qxd3 Bd7 19. Nc2
Be6 20. a3 Bxd2 21. Qxd2 c5 22. b4 axb4 23. axb4 b6 $13 {1-0 Zubarev,
A-Hadzimanolis,A/Kallithea Halkidiki GRE 2008/The Week in Chess 714 (38)}) (
12... dxc4 13. bxc4 f5 (13... Bxc3 14. Bxc3 Nc5 15. Bc2 b5 16. Qh5 h6 17. Rad1
bxc4 18. Rd4 a5 19. Rf3 Nd3 20. Rg3 Qa3 21. Bd2 f5 22. exf6 Rxf6 23. Rd8+ Rf8
24. Qxh6 Qe7 25. Bc3 e5 26. Bxe5 Nxe5 27. Qh7+ {1-0 Najer,E-Ivanov,S/Moscow
2004/CBM 100}) 14. Rb1 (14. exf6 $142 Nxf6 15. Ne4) 14... a5 15. Qe2 b6 16.
Rfd1 Ba6 17. Na4 Nc5 18. Bc2 Bxd2 19. Rxd2 b5 20. Nxc5 Qxc5 21. cxb5 Bxb5 22.
Bd3 Rad8 $11 {0-1 Matveeva,S-Stefanova,A/Dagomys RUS 2008/The Week in Chess
702 (43)}) 13. Qc2 (13. exf6 $6 Nxf6 14. Ne2 Bd6 15. Bc3 e5 $15 {0-1 Winfield,
M-Baron,O/IECC 2006/Telechess CBM 113 (30)}) 13... h6 (13... fxe5 14. Bxh7+ Kh8
15. Rf3 $40) (13... g6 {apparently doesn't change much compared to 13...h6})
14. a3 (14. exf6 Nxf6 15. Kh1 (15. Na4 {1/2-1/2 Huzman,A-Corrales Jimenez,F/
Kitchener 2006/CBM 113 ext}) 15... Bd7 16. e4 d4 17. e5 dxc3 18. exf6 Qxf6 19.
Be1 c5 20. a3 Ba5 21. Rb1 Bc6 22. b4 Bc7 23. Bxc3 Qh4 24. Be5 Bxe5 25. fxe5 Qd4
26. Qe2 Rad8 $11 {1-0 Moiseenko,A-Georgiev,K/Zlatibor 2006/EXT 2007 (45)})
14... Bc5 (14... Bxa3 15. Rxa3 $1 Qxa3 16. b4 $1 dxc4 (16... Qxb4 17. Nxd5 $1
Qc5 18. Bb4 $1) 17. Bxc4 Nb6 18. Nb1 $1 Qa4 19. Bb3 Qb5 20. Nc3 Qxb4 21. Nd5
Qb5 22. Nc7 Qe2 23. Rf2 Qh5 24. Qc5 Nd5 25. Nxa8 $18 {Fi.Corrales}) 15. b4 Ba7
(15... Bb6 $143 16. exf6 Nxf6 17. c5 {gaining a tempo} Bc7 18. e4 e5 19. exd5
cxd5 20. fxe5 Bxe5 (20... Qxe5 21. Bf4 $1 Qd4+ 22. Kh1 Bxf4 23. Ne2 $16) 21.
Rae1 Bd7 22. Bf4 Bd4+ 23. Kh1 Qd8 24. Ne2 Nh5 25. Bg6 Nxf4 26. Nxf4 Kh8 27. Qd1
(27. Bd3 $16) 27... Bc3 28. Bc2 Rxf4 29. Rxf4 Bxe1 30. Qxe1 Qe8 31. Qf2 $16 {
1-0 Roiz,M-Drozdovskij,Y/Port Erin 2007/CBM 120 ext (72)}) 16. exf6 Nxf6 17. c5
{This is necessary anyway!} b6 (17... e5 18. e4 $1 b6 19. exd5 bxc5 20. Bc4 (
20. Kh1 $142 $1 $16 cxd5 $140 (20... Ng4 21. h3) (20... Nxd5 21. Rae1) (20...
cxb4 21. fxe5 Qxe5 22. axb4) 21. fxe5 Qxe5 22. Nxd5 $1) 20... Kh8 21. Kh1 Ng4
22. h3 Bf5 23. Bd3 Bxd3 24. Qxd3 cxb4 25. d6 Qh4 26. Ne4 exf4 27. Bxf4 Nf2+ 28.
Nxf2 Bxf2 29. Be5 $44 {1-0 Vorobiov,E-Pokazanjev,N/Sochi 2006/EXT 2007 (42)})
18. cxb6 Bxb6 19. Na4 {[%mdl 32] A reminder of Nimzowitsch and his books:
Black has eliminated White's pawn chain but blockading pieces are coming in
its place.} Ba7 20. Rae1 e5 21. fxe5 (21. Qxc6 $5 {looks risky but there is no
obvious refutation. White prefers to obtain a small but clear edge.}) 21...
Qxe5 22. Nc5 Qe7 (22... Bb8 23. g3 Bh3 24. Rf4 Qe7 $140 25. Rh4 {[%cal Ye3e4]})
23. h3 Bxc5 $6 (23... a5 $5 {It is useful to exchange this potentially weak
pawn.}) 24. Qxc5 Qxc5 25. bxc5 Be6 (25... Re8 $5 {[%cal Yf6e4] Black has more
chances in the endgame with opposite-coloured bishops. If} 26. Bc3 Ne4 27. Bd4
{then} a5 {[%cal Yc8a6]}) 26. Bc3 Rab8 $6 (26... Ne4 $5 {was stll better.}) 27.
Rb1 $1 Nd7 (27... Ne4 {now loses a pawn:} 28. Rxf8+ Rxf8 29. Bxe4 dxe4 30. Rb6
{. Therefore Black must put this knight in a passive position.}) 28. Rxf8+ Rxf8
29. Bd4 {White doesn't fear a rook exchange. He had a pleasant alternative,
though:} (29. Rb7 $5 Rb8 30. Bxa6 Ra8 31. Be2 Rxa3 32. Bd4 $16) 29... Rb8 30.
Rxb8+ Nxb8 31. Kf2 {[%csl Ra6] The weak a6 pawn is crucial - Black has no
chances to resist White's bishop pair.} Kf7 32. Ke1 g6 33. Kd2 Bf5 34. Bf1 Ke6
35. Kc3 Bb1 36. Kb4 Ba2 37. Bd3 {[%csl Ra6,Rg6,Rh6] The principle of two
weaknesses in practice!} g5 38. g4 Bc4 39. Bf5+ Ke7 40. Bg7 Bf1 41. Bxh6 Bxh3
42. Bxg5+ Ke8 43. Bg6+ Kf8 44. Bf4 Nd7 45. Bd6+ Kg8 46. g5 1-0